000 00653nam a2200193 a 4500
008
049 _aMAIN
090 _aTA492.W4
245 1 0 _aInvestigations into Lamellar Tearing :
_bA compendium of reports from a sponsored research programme /
_cThe Welding Institute.
260 _aCambridge :
_bThe welding institute,
_c1975.
300 _avarious pagings :
_bill. ;
_c29 cm.
440 _aReport series March 1975
500 _aIncludes bibliographical references.
907 _a.b10233611
_b21-02-07
_c20-02-07
003
005 20230123134406.0
040 _cNUST
942 _cBOOKS
_kTA492.W4
999 _c165103
_d165103